[Event "Winnipeg TNT June op"]
[Site "Winnipeg CAN"]
[Date "2009.06.02"]
[Round "1"]
[White "Nikouline, Alexandre"]
[Black "Campbell, Gary"]
[Result "1-0"]
[WhiteElo "2148"]
[BlackElo "1640"]
[PlyCount "48"]
[GameId "2160767910156523"]
[EventDate "2009.06.02"]
[EventType "swiss"]
[EventRounds "4"]
[EventCountry "CAN"]
[SourceTitle "EXT 2011"]
[Source "ChessBase"]
[SourceDate "2011.11.26"]
[SourceVersion "1"]
[SourceVersionDate "2011.11.26"]
[SourceQuality "1"]

1. e4 e6 2. d4 d5 3. Nc3 Nf6 4. e5 Nfd7 5. Nf3 c5 6. Be2 Nc6 7. Bf4 Qb6 8. O-O cxd4 9. Nb5 Be7 10. Nbxd4 O-O 11. Qd2 Nc5 12. c3 Ne4 13. Qc2 Nxd4 14. Nxd4 f6 15. Be3 Qd8 16. Bd3 fxe5 17. Nf3 Nf6 18. Nxe5 Bd7 19. Bd4 Rc8 20. Rae1 Bd6 21. Re3 Bxe5 22. Bxe5 h6 23. Rg3 Qe7 24. Qe2 Nh5 1-0

[Event "Winnipeg TNT June op"]
[Site "Winnipeg CAN"]
[Date "2009.06.02"]
[Round "1"]
[White "Pang, Michael"]
[Black "Czypinski, Jaroslaw"]
[Result "0-1"]
[WhiteElo "1570"]
[BlackElo "1890"]
[PlyCount "38"]
[GameId "2160767910156524"]
[EventDate "2009.06.02"]
[EventType "swiss"]
[EventRounds "4"]
[EventCountry "CAN"]
[SourceTitle "EXT 2011"]
[Source "ChessBase"]
[SourceDate "2011.11.26"]
[SourceVersion "1"]
[SourceVersionDate "2011.11.26"]
[SourceQuality "1"]

1. e4 d5 2. exd5 Nf6 3. Nf3 Bg4 4. Bc4 Nbd7 5. Nc3 a6 6. d4 Nb6 7. Bb3 Nbxd5 8. Nxd5 Nxd5 9. O-O e6 10. Re1 Qd7 11. c4 Nf6 12. d5 O-O-O 13. dxe6 Qxd1 14. Bxd1 Bxe6 15. b3 Bb4 16. Rf1 Bc3 17. Rb1 Bf5 18. Ng5 Bxb1 19. Nxf7 Bd3 0-1

[Event "Winnipeg TNT June op"]
[Site "Winnipeg CAN"]
[Date "2009.06.02"]
[Round "1"]
[White "Swift, Ryne"]
[Black "Kumaragamage, Shashika"]
[Result "1-0"]
[WhiteElo "1266"]
[BlackElo "1728"]
[PlyCount "85"]
[GameId "2160767910156525"]
[EventDate "2009.06.02"]
[EventType "swiss"]
[EventRounds "4"]
[EventCountry "CAN"]

1. e4 e6 2. d4 d5 3. Nc3 c5 4. Nf3 Nc6 5. Bb5 Qb6 6. exd5 a6 7. Ba4 exd5 8. Nxd5 Qa5+ 9. Bd2 Qd8 10. Qe2+ Be6 11. Bxc6+ bxc6 12. Nf4 Qf6 13. Nxe6 fxe6 14. Qe4 Ne7 15. O-O cxd4 16. Nxd4 e5 17. Nf3 Ng6 18. Bc3 Qf4 19. Qxc6+ Kf7 20. Qxa8 e4 21. Qxe4 Bd6 22. Qxf4+ Bxf4 23. g3 Bd6 24. Rad1 Rd8 25. Rd2 Ke7 26. Bxg7 h5 27. Rfd1 Bc7 28. Rxd8 Bxd8 29. Bf6+ Kxf6 30. Rxd8 a5 31. Rd6+ Kg7 32. Rxg6+ Kxg6 33. c4 Kf5 34. Kg2 Kg4 35. Nd4 Kg5 36. c5 Kf6 37. a3 Ke5 38. c6 Kd6 39. b4 a4 40. b5 Kc7 41. Ne6+ Kb8 42. b6 Ka8 43. b7+ 1-0

[Event "Winnipeg TNT June op"]
[Site "Winnipeg CAN"]
[Date "2009.06.09"]
[Round "2"]
[White "Boron, Anthony"]
[Black "Swift, Ryne"]
[Result "1-0"]
[WhiteElo "1957"]
[BlackElo "1728"]
[PlyCount "129"]
[GameId "2160767910156526"]
[EventDate "2009.06.02"]
[EventType "swiss"]
[EventRounds "4"]
[EventCountry "CAN"]
[SourceTitle "EXT 2011"]
[Source "ChessBase"]
[SourceDate "2011.11.26"]
[SourceVersion "1"]
[SourceVersionDate "2011.11.26"]
[SourceQuality "1"]

1. d4 d5 2. c4 c6 3. Nf3 Nf6 4. e3 e6 5. Nbd2 Nbd7 6. Bd3 Be7 7. O-O O-O 8. b3 Re8 9. Bb2 Nf8 10. Ne5 Ng6 11. f4 Bf8 12. Ndf3 Re7 13. Ng5 Rc7 14. Rc1 b6 15. Rf3 Bb7 16. Rh3 c5 17. Ngxf7 Rxf7 18. Bxg6 hxg6 19. Rh8+ Kxh8 20. Nxf7+ Kg8 21. Nxd8 Rxd8 22. h3 Ne4 23. Qg4 Kf7 24. Rc2 Nf6 25. Qe2 Ne4 26. cxd5 exd5 27. Qb5 Re8 28. f5 g5 29. Qe2 Nf6 30. a3 c4 31. bxc4 Ba6 32. a4 Kg8 33. Qf3 Bxc4 34. Qg3 Ne4 35. Qc7 Bd6 36. Qd7 Re7 37. Qc6 Bg3 38. Ba3 Rc7 39. Rxc4 Rxc6 40. Rxc6 Bf2+ 41. Kf1 Bxe3 42. Bb2 Ng3+ 43. Ke1 Nxf5 44. Rc7 a5 45. Rd7 Nxd4 46. Bxd4 Bxd4 47. Rxd5 Bf6 48. Ke2 Kf7 49. Kd3 Ke6 50. Ke4 g6 51. Rb5 Bd8 52. Kd4 Kd6 53. Rd5+ Ke7 54. Rxg5 Kf6 55. Rb5 Ke6 56. Kc4 Bc7 57. Rd5 Bf4 58. Rd1 Bc7 59. Kb5 Ke7 60. Kc6 Be5 61. Kxb6 Bc3 62. Rd5 Ke6 63. Rxa5 Bd4+ 64. Kc6 Bc3 65. Rb5 1-0

[Event "Winnipeg TNT June op"]
[Site "Winnipeg CAN"]
[Date "2009.06.09"]
[Round "2"]
[White "Campbell, Gary"]
[Black "Milord, Frank"]
[Result "1-0"]
[WhiteElo "1640"]
[BlackElo "1591"]
[PlyCount "91"]
[GameId "2160767910156527"]
[EventDate "2009.06.02"]
[EventType "swiss"]
[EventRounds "4"]
[EventCountry "CAN"]
[SourceTitle "EXT 2011"]
[Source "ChessBase"]
[SourceDate "2011.11.26"]
[SourceVersion "1"]
[SourceVersionDate "2011.11.26"]
[SourceQuality "1"]

1. d4 d5 2. c4 c6 3. Nf3 dxc4 4. a4 Nf6 5. e3 Bg4 6. Bxc4 e6 7. Nbd2 Nbd7 8. Qc2 Be7 9. O-O a5 10. h3 Bh5 11. Be2 Bg6 12. Bd3 Nd5 13. Bxg6 hxg6 14. Nc4 Qc7 15. Nce5 Nb4 16. Qb3 Nxe5 17. Nxe5 Qd6 18. Re1 Qd5 19. Qxd5 cxd5 20. Bd2 Rc8 21. Rac1 O-O 22. Rxc8 Rxc8 23. Rc1 Rxc1+ 24. Bxc1 Bd6 25. Bd2 Kf8 26. Kf1 Ke7 27. Ke2 g5 28. Nd3 Nxd3 29. Kxd3 b6 30. e4 dxe4+ 31. Kxe4 f5+ 32. Kf3 Kf6 33. g4 g6 34. Bc3 e5 35. dxe5+ Bxe5 36. Ke3 Bxc3 37. bxc3 Ke5 38. c4 fxg4 39. hxg4 Kd6 40. Kd4 Ke6 41. c5 bxc5+ 42. Kxc5 Ke5 43. Kb5 Kd5 44. Kxa5 Kc6 45. Kb4 Kb6 46. Kc4 1-0

[Event "Winnipeg TNT June op"]
[Site "Winnipeg CAN"]
[Date "2009.06.09"]
[Round "2"]
[White "Czypinski, Jaroslaw"]
[Black "Nikouline, Alexandre"]
[Result "0-1"]
[WhiteElo "1890"]
[BlackElo "2148"]
[PlyCount "82"]
[GameId "2160767910156528"]
[EventDate "2009.06.02"]
[EventType "swiss"]
[EventRounds "4"]
[EventCountry "CAN"]
[SourceTitle "EXT 2011"]
[Source "ChessBase"]
[SourceDate "2011.11.26"]
[SourceVersion "1"]
[SourceVersionDate "2011.11.26"]
[SourceQuality "1"]

1. Nf3 Nf6 2. d4 e6 3. e3 b6 4. Bd3 Bb7 5. Nbd2 d5 6. c3 Nbd7 7. O-O Bd6 8. Re1 Ne4 9. Bc2 f5 10. Nxe4 fxe4 11. Ne5 Bxe5 12. dxe5 O-O 13. Qg4 Qe7 14. Qg3 Qf7 15. Rf1 Ba6 16. Bd2 Bxf1 17. Rxf1 Qh5 18. Bd1 Qxe5 19. Qxe5 Nxe5 20. Be2 c5 21. f3 exf3 22. gxf3 Rf6 23. f4 Rg6+ 24. Kf2 Ng4+ 25. Bxg4 Rxg4 26. Kf3 Rg6 27. Be1 e5 28. f5 Rf8 29. e4 dxe4+ 30. Kxe4 Rg2 31. Rf2 Rxf2 32. Bxf2 g6 33. Bg3 Rxf5 34. Bxe5 Rf2 35. c4 Kf7 36. Ke3 Rg2 37. a4 Ke6 38. Bb8 a6 39. Ba7 Rxb2 40. a5 bxa5 41. Bxc5 a4 0-1

[Event "Winnipeg TNT June op"]
[Site "Winnipeg CAN"]
[Date "2009.06.09"]
[Round "2"]
[White "Kaptsan, Aron"]
[Black "Greenberg, Harley"]
[Result "1/2-1/2"]
[WhiteElo "2052"]
[BlackElo "1744"]
[PlyCount "59"]
[GameId "2160767910156531"]
[EventDate "2009.06.02"]
[EventType "swiss"]
[EventRounds "4"]
[EventCountry "CAN"]
[SourceTitle "EXT 2011"]
[Source "ChessBase"]
[SourceDate "2011.11.26"]
[SourceVersion "1"]
[SourceVersionDate "2011.11.26"]
[SourceQuality "1"]

1. d4 Nf6 2. Nf3 e6 3. c4 c5 4. d5 exd5 5. cxd5 d6 6. Nc3 g6 7. g3 Bg7 8. Bg2 O-O 9. O-O Re8 10. Nd2 Nbd7 11. a4 a5 12. h3 Nb6 13. Kh2 Bd7 14. Re1 Re7 15. Nde4 Nxe4 16. Nxe4 Re5 17. Bf4 g5 18. Bxe5 Bxe5 19. Nc3 g4 20. hxg4 Bxg4 21. Qd2 Qh4+ 22. Kg1 Qh5 23. f4 Nc4 24. Qc1 Bd4+ 25. e3 Nxe3 26. Rxe3 Re8 27. Nd1 Bxd1 28. Qxd1 Qxd1+ 29. Rxd1 Rxe3 30. Kh2 1/2-1/2

[Event "Winnipeg TNT June op"]
[Site "Winnipeg CAN"]
[Date "2009.06.09"]
[Round "2"]
[White "Kumaragamage, Shashika"]
[Black "Pang, Michael"]
[Result "0-1"]
[WhiteElo "1266"]
[BlackElo "1570"]
[PlyCount "94"]
[GameId "2160767910156532"]
[EventDate "2009.06.02"]
[EventType "swiss"]
[EventRounds "4"]
[EventCountry "CAN"]

1. d4 d5 2. c4 c6 3. Nf3 Nf6 4. Nc3 g6 5. Bf4 Bg7 6. e3 O-O 7. Bd3 Nbd7 8. e4 dxe4 9. Bxe4 Nb6 10. b3 Nxe4 11. Nxe4 Bg4 12. Be3 Bxf3 13. gxf3 Qc7 14. Qd2 e5 15. O-O-O Rfd8 16. Qc3 exd4 17. Bxd4 Qf4+ 18. Qe3 Qxe3+ 19. fxe3 Bxd4 20. Rxd4 Rxd4 21. exd4 Nd7 22. Re1 Re8 23. Kd2 Kf8 24. a4 Re6 25. f4 f5 26. Ng5 Rxe1 27. Kxe1 Nf6 28. Kf2 Ke7 29. Nf3 Ng4+ 30. Ke2 h6 31. h3 Nf6 32. Ke3 Nd7 33. Ne5 Nxe5 34. dxe5 c5 35. a5 g5 36. Kf3 gxf4 37. h4 Ke6 38. Kxf4 h5 39. Kg5 Kxe5 40. Kxh5 Kf6 41. Kh6 f4 42. Kh7 f3 43. Kg8 f2 44. h5 f1=Q 45. h6 Kg6 46. h7 Qf7+ 47. Kh8 Qf8# 0-1

[Event "Winnipeg TNT June op"]
[Site "Winnipeg CAN"]
[Date "2009.06.09"]
[Round "2"]
[White "Lipic, Stephen"]
[Black "Kernetsky, Myron"]
[Result "0-1"]
[WhiteElo "1738"]
[BlackElo "1981"]
[PlyCount "53"]
[GameId "2160767910156533"]
[EventDate "2009.06.02"]
[EventType "swiss"]
[EventRounds "4"]
[EventCountry "CAN"]
[SourceTitle "EXT 2011"]
[Source "ChessBase"]
[SourceDate "2011.11.26"]
[SourceVersion "1"]
[SourceVersionDate "2011.11.26"]
[SourceQuality "1"]

1. f4 d5 2. Nf3 Nf6 3. e3 Bg4 4. b3 Nbd7 5. Bb2 c6 6. d3 Qc7 7. h3 Bxf3 8. Qxf3 e5 9. Nd2 Bd6 10. O-O-O exf4 11. exf4 O-O-O 12. g3 Rhe8 13. Bg2 Qa5 14. a4 Bb4 15. g4 g6 16. f5 Bc3 17. d4 Bxb2+ 18. Kxb2 Re7 19. g5 Nh5 20. f6 Re6 21. h4 Rde8 22. Bh3 Re3 23. Qg4 R8e6 24. Nf1 Qc3+ 25. Kb1 Re2 26. Rc1 Kc7 27. Qg1 0-1

[Event "Winnipeg TNT June op"]
[Site "Winnipeg CAN"]
[Date "2009.06.09"]
[Round "2"]
[White "Ott, Richard"]
[Black "Hemphill, Jim"]
[Result "0-1"]
[WhiteElo "1477"]
[BlackElo "1654"]
[PlyCount "122"]
[GameId "2160767910156534"]
[EventDate "2009.06.02"]
[EventType "swiss"]
[EventRounds "4"]
[EventCountry "CAN"]
[SourceTitle "EXT 2011"]
[Source "ChessBase"]
[SourceDate "2011.11.26"]
[SourceVersion "1"]
[SourceVersionDate "2011.11.26"]
[SourceQuality "1"]

1. d4 d5 2. c4 c6 3. Nf3 Bf5 4. cxd5 cxd5 5. e3 e6 6. Bb5+ Nd7 7. O-O Ngf6 8. Ne5 Bd6 9. Nxd7 Nxd7 10. Nc3 O-O 11. f3 Nf6 12. Bd3 Bxd3 13. Qxd3 Bb4 14. Bd2 Bxc3 15. Bxc3 Rc8 16. e4 Rc4 17. e5 Nd7 18. f4 g6 19. Rf3 Qh4 20. Raf1 Rfc8 21. Rh3 Qe7 22. f5 exf5 23. Qe3 b6 24. g4 fxg4 25. Rg3 f5 26. exf6 Qf7 27. Rxg4 Re8 28. Qg5 a5 29. h4 Rc6 30. h5 Rxf6 31. Rxf6 Qxf6 32. Qxd5+ Qe6 33. Qxe6+ Rxe6 34. Kg2 Nf6 35. Rf4 Nxh5 36. Rf2 Rd6 37. Kh3 Ng7 38. Rf4 Nf5 39. Kg2 Rd5 40. Kf3 Nd6 41. b3 Rf5 42. Ke3 Rxf4 43. Kxf4 Kf7 44. d5 h6 45. Kg4 h5+ 46. Kf4 h4 47. Kg4 g5 48. Be5 Nc8 49. Kxg5 h3 50. Bh2 Ke8 51. Kf6 Kd7 52. Kf7 b5 53. a3 a4 54. b4 Nb6 55. Kf6 Nc4 56. Kg5 Nxa3 57. Kh4 Nc4 58. Kxh3 a3 59. Bg1 a2 60. Bd4 Kd6 61. Kg3 Kxd5 0-1

[Event "Winnipeg TNT June op"]
[Site "Winnipeg CAN"]
[Date "2009.06.09"]
[Round "2"]
[White "Rutter, Blair"]
[Black "Mundwiler, Les"]
[Result "0-1"]
[WhiteElo "1829"]
[BlackElo "2017"]
[PlyCount "81"]
[GameId "2160767910156535"]
[EventDate "2009.06.02"]
[EventType "swiss"]
[EventRounds "4"]
[EventCountry "CAN"]
[SourceTitle "EXT 2011"]
[Source "ChessBase"]
[SourceDate "2011.11.26"]
[SourceVersion "1"]
[SourceVersionDate "2011.11.26"]
[SourceQuality "1"]

1. f4 d5 2. Nf3 Nf6 3. e3 e6 4. b3 Be7 5. Bb2 O-O 6. Bd3 Ne4 7. O-O b6 8. Nc3 Bb7 9. Ne2 Nd7 10. c3 c5 11. Rc1 Bf6 12. Bb1 b5 13. d3 Nd6 14. g4 g6 15. Qe1 Re8 16. Qg3 a5 17. h4 c4 18. d4 Ne4 19. Qh3 cxb3 20. axb3 a4 21. bxa4 bxa4 22. h5 Ba6 23. hxg6 hxg6 24. Rfe1 Bxe2 25. Rxe2 a3 26. Ba1 g5 27. Bxe4 dxe4 28. Nd2 Kg7 29. Nxe4 Rh8 30. Qg2 Qe7 31. c4 Rag8 32. c5 gxf4 33. exf4 Rh4 34. g5 Kf8 35. Qg3 Rgh8 36. Nf2 Rxf4 37. gxf6 Qxf6 38. Ng4 Qg5 39. Qxa3 Rxg4+ 40. Kf2 Qf4+ 41. Qf3 0-1

[Event "Winnipeg TNT June op"]
[Site "Winnipeg CAN"]
[Date "2009.06.09"]
[Round "2"]
[White "Trinidad, Kris"]
[Black "Menard, Trevor"]
[Result "1-0"]
[WhiteElo "1578"]
[BlackElo "1277"]
[PlyCount "109"]
[GameId "2160767910156536"]
[EventDate "2009.06.02"]
[EventType "swiss"]
[EventRounds "4"]
[EventCountry "CAN"]
[SourceTitle "EXT 2011"]
[Source "ChessBase"]
[SourceDate "2011.11.26"]
[SourceVersion "1"]
[SourceVersionDate "2011.11.26"]
[SourceQuality "1"]

1. e4 c5 2. Nf3 Nc6 3. d4 cxd4 4. Nxd4 g6 5. c4 Bg7 6. Be3 Nf6 7. Nc3 Qc7 8. Be2 O-O 9. O-O b6 10. f4 e5 11. Ndb5 Qb8 12. g3 Bb7 13. Nd6 Nd4 14. Bxd4 exd4 15. Nxb7 Qxb7 16. Nd5 Nxe4 17. Bf3 Rfe8 18. Re1 f5 19. Qc2 b5 20. b3 Rac8 21. Rab1 Kh8 22. Qd3 Nc5 23. Qd1 Ne4 24. Qd3 Nc5 25. Rxe8+ Rxe8 26. Qf1 Ne4 27. Re1 Qc6 28. Qg2 Re6 29. Bxe4 fxe4 30. Rxe4 bxc4 31. bxc4 Qxc4 32. Rxe6 dxe6 33. Ne3 Qc1+ 34. Nf1 h5 35. Qa8+ Kh7 36. Qxa7 d3 37. Qd7 Qc5+ 38. Kg2 Qd5+ 39. Qxd5 exd5 40. Kf3 Bc3 41. Ke3 Kg7 42. Kxd3 Bf6 43. a4 Bd8 44. Ne3 Kf6 45. Nxd5+ Ke6 46. Ke4 Kd6 47. h3 Ba5 48. Ne3 Kc5 49. Ke5 Bd8 50. Ke6 Kd4 51. g4 Kxe3 52. f5 gxf5 53. gxf5 Ba5 54. f6 Bb4 55. f7 1-0

[Event "Winnipeg TNT June op"]
[Site "Winnipeg CAN"]
[Date "2009.06.09"]
[Round "2"]
[White "Vincent, Trevor"]
[Black "Green, Aaron"]
[Result "1-0"]
[WhiteElo "2266"]
[BlackElo "1830"]
[PlyCount "50"]
[GameId "2160767910156537"]
[EventDate "2009.06.02"]
[EventType "swiss"]
[EventRounds "4"]
[EventCountry "CAN"]
[SourceTitle "EXT 2011"]
[Source "ChessBase"]
[SourceDate "2011.11.26"]
[SourceVersion "1"]
[SourceVersionDate "2011.11.26"]
[SourceQuality "1"]

1. c4 e5 2. g3 d6 3. Bg2 f5 4. Nc3 Nf6 5. d3 Be7 6. e3 O-O 7. Nge2 c6 8. O-O Be6 9. f4 e4 10. Nd4 Qd7 11. g4 Nxg4 12. Nxe6 Qxe6 13. dxe4 Qxc4 14. exf5 Nf6 15. e4 Nbd7 16. Be3 Qf7 17. Qe2 Rfe8 18. Rad1 Bf8 19. Bf3 Nb6 20. b3 g6 21. fxg6 hxg6 22. Kh1 d5 23. e5 Nfd7 24. a4 Nc8 25. Nxd5 Ne7 1-0

[Event "Winnipeg TNT June op"]
[Site "Winnipeg CAN"]
[Date "2009.06.09"]
[Round "2"]
[White "Wiebe, Isaac"]
[Black "Czarny, Keith"]
[Result "1-0"]
[WhiteElo "1504"]
[BlackElo "1634"]
[PlyCount "151"]
[GameId "2160767910156538"]
[EventDate "2009.06.02"]
[EventType "swiss"]
[EventRounds "4"]
[EventCountry "CAN"]
[SourceTitle "EXT 2011"]
[Source "ChessBase"]
[SourceDate "2011.11.26"]
[SourceVersion "1"]
[SourceVersionDate "2011.11.26"]
[SourceQuality "1"]

1. e4 e6 2. d4 d5 3. Nd2 c5 4. exd5 Qxd5 5. Ngf3 cxd4 6. Bc4 Qc5 7. O-O Nc6 8. Qe2 Be7 9. Nb3 Qb6 10. Rd1 Nf6 11. Nfxd4 Nxd4 12. Rxd4 O-O 13. Be3 Qc7 14. Bf4 Qc6 15. Bb5 Qb6 16. Be3 a6 17. Ra4 Qc7 18. Bd3 e5 19. Rc4 Qb8 20. Bb6 Bd6 21. Nc5 Re8 22. Ne4 Nxe4 23. Rxe4 f5 24. Rh4 e4 25. Qh5 Be6 26. Qxh7+ Kf7 27. Bd4 Be5 28. Qh5+ Ke7 29. Bxe5 Qxe5 30. Rxe4 Qf6 31. Re3 f4 32. Re4 Kd7 33. Qe5 Qh6 34. Qxf4 g5 35. Rd4+ Ke7 36. Qd6+ Kf7 37. Bc4 Qf6 38. Bxe6+ Rxe6 39. Qd5 Rf8 40. f3 Kg7 41. Rad1 Rfe8 42. Qxb7+ Kh6 43. Re4 Rb6 44. Qd5 Rxe4 45. fxe4 Rxb2 46. e5 Qb6+ 47. Qd4 Qxd4+ 48. Rxd4 Rxc2 49. Rd6+ Kg7 50. Rxa6 Kf7 51. h3 Ke7 52. Kh2 Re2 53. Ra5 Re3 54. Kg1 Ke6 55. Kf2 Re4 56. g3 Rb4 57. Kf3 Rc4 58. a3 Kf5 59. e6+ Kxe6 60. Rxg5 Rc3+ 61. Kg4 Rxa3 62. Kh5 Kf6 63. h4 Ra4 64. g4 Ra8 65. Rg6+ Kf7 66. g5 Ra4 67. Rb6 Kg7 68. Rb7+ Kg8 69. g6 Kh8 70. Kg5 Ra5+ 71. Kh6 Ra8 72. h5 Rc8 73. Rb5 Kg8 74. Kg5 Rc1 75. Rb8+ Kg7 76. h6# 1-0

[Event "Winnipeg TNT June op"]
[Site "Winnipeg CAN"]
[Date "2009.06.16"]
[Round "3"]
[White "Boron, Anthony"]
[Black "Kaptsan, Aron"]
[Result "1-0"]
[WhiteElo "1957"]
[BlackElo "2052"]
[PlyCount "51"]
[GameId "2160767910156539"]
[EventDate "2009.06.02"]
[EventType "swiss"]
[EventRounds "4"]
[EventCountry "CAN"]
[SourceTitle "EXT 2011"]
[Source "ChessBase"]
[SourceDate "2011.11.26"]
[SourceVersion "1"]
[SourceVersionDate "2011.11.26"]
[SourceQuality "1"]

1. d4 Nf6 2. Bg5 Ne4 3. Bf4 g6 4. f3 Nf6 5. e4 d6 6. Nc3 Bg7 7. Bc4 Nbd7 8. Qd2 O-O 9. Bh6 c6 10. Bxg7 Kxg7 11. O-O-O b5 12. Bd3 b4 13. Nce2 a5 14. h4 Qb6 15. h5 Ng8 16. hxg6 hxg6 17. Nh3 Ba6 18. Bxa6 Rxa6 19. Ng3 Rfa8 20. Ng5 Ngf6 21. Qf4 e5 22. Qh4 Kf8 23. dxe5 dxe5 24. Nh7+ Nxh7 25. Rxd7 Qe3+ 26. Kb1 1-0

[Event "Winnipeg TNT June op"]
[Site "Winnipeg CAN"]
[Date "2009.06.16"]
[Round "3"]
[White "Czarny, Keith"]
[Black "Kumaragamage, Shashika"]
[Result "1-0"]
[WhiteElo "1634"]
[BlackElo "1266"]
[PlyCount "67"]
[GameId "2160767910156540"]
[EventDate "2009.06.02"]
[EventType "swiss"]
[EventRounds "4"]
[EventCountry "CAN"]

1. Nf3 d5 2. g3 Nf6 3. Bg2 Nc6 4. d4 e6 5. O-O Bd6 6. c4 O-O 7. Nc3 Ne7 8. c5 Bxg3 9. fxg3 Nd7 10. e4 b6 11. exd5 exd5 12. Bg5 f6 13. Bf4 bxc5 14. dxc5 Nxc5 15. Rc1 Ne6 16. Nd4 c5 17. Nxe6 Bxe6 18. Qe2 Bf7 19. Rfe1 Re8 20. Qd2 Rc8 21. Nb5 Nf5 22. Rxe8+ Bxe8 23. Qxd5+ Qxd5 24. Bxd5+ Kh8 25. Nxa7 Rd8 26. Bc4 Rd4 27. Rc2 g5 28. Bc1 Nd6 29. b3 Bg6 30. Rd2 Rxd2 31. Bxd2 Nxc4 32. bxc4 Bb1 33. Be3 Bxa2 34. Bxc5 1-0

[Event "Winnipeg TNT June op"]
[Site "Winnipeg CAN"]
[Date "2009.06.16"]
[Round "3"]
[White "Green, Aaron"]
[Black "Campbell, Gary"]
[Result "0-1"]
[WhiteElo "1830"]
[BlackElo "1640"]
[PlyCount "66"]
[GameId "2160767910156541"]
[EventDate "2009.06.02"]
[EventType "swiss"]
[EventRounds "4"]
[EventCountry "CAN"]
[SourceTitle "EXT 2011"]
[Source "ChessBase"]
[SourceDate "2011.11.26"]
[SourceVersion "1"]
[SourceVersionDate "2011.11.26"]
[SourceQuality "1"]

1. e4 c5 2. Nf3 Nc6 3. d4 cxd4 4. Nxd4 Nf6 5. Nc3 e5 6. Ndb5 d6 7. a4 a6 8. Na3 Be6 9. Bc4 Be7 10. O-O O-O 11. h3 Rc8 12. Bd5 Bxd5 13. exd5 Nb4 14. Bg5 Nbxd5 15. Nxd5 Nxd5 16. Qxd5 Bxg5 17. b3 Qc7 18. Rad1 Qc5 19. Qxd6 Qxd6 20. Rxd6 Be7 21. Rfd1 Bxd6 22. Rxd6 Rfd8 23. Rb6 Rd7 24. Nc4 Rc6 25. Rb4 f6 26. Na5 Rxc2 27. Nxb7 Rdd2 28. Na5 Rxf2 29. Rb8+ Kf7 30. Nc4 Rxg2+ 31. Kh1 Ra2 32. Rb7+ Kg6 33. Rb6 Rge2 0-1

[Event "Winnipeg TNT June op"]
[Site "Winnipeg CAN"]
[Date "2009.06.16"]
[Round "3"]
[White "Greenberg, Harley"]
[Black "Czypinski, Jaroslaw"]
[Result "1-0"]
[WhiteElo "1744"]
[BlackElo "1890"]
[PlyCount "39"]
[GameId "2160767910156542"]
[EventDate "2009.06.02"]
[EventType "swiss"]
[EventRounds "4"]
[EventCountry "CAN"]
[SourceTitle "EXT 2011"]
[Source "ChessBase"]
[SourceDate "2011.11.26"]
[SourceVersion "1"]
[SourceVersionDate "2011.11.26"]
[SourceQuality "1"]

1. d4 Nf6 2. c4 e6 3. Nf3 Bb4+ 4. Bd2 Qe7 5. g3 Ne4 6. Bg2 Nxd2 7. Nbxd2 O-O 8. O-O Bxd2 9. Qxd2 d5 10. Rac1 c6 11. Rfe1 Nd7 12. e4 dxc4 13. d5 Qd6 14. dxe6 Qxe6 15. Ng5 Qf6 16. f4 Nb6 17. a4 Nxa4 18. e5 Qd8 19. Qc2 Nb6 20. Qxh7# 1-0

[Event "Winnipeg TNT June op"]
[Site "Winnipeg CAN"]
[Date "2009.06.16"]
[Round "3"]
[White "Hemphill, Jim"]
[Black "Wiebe, Isaac"]
[Result "1-0"]
[WhiteElo "1654"]
[BlackElo "1504"]
[PlyCount "55"]
[GameId "2160767910156543"]
[EventDate "2009.06.02"]
[EventType "swiss"]
[EventRounds "4"]
[EventCountry "CAN"]
[SourceTitle "EXT 2011"]
[Source "ChessBase"]
[SourceDate "2011.11.26"]
[SourceVersion "1"]
[SourceVersionDate "2011.11.26"]
[SourceQuality "1"]

1. d4 d5 2. c4 e6 3. Nc3 Nf6 4. cxd5 exd5 5. Bg5 c6 6. Nf3 Nbd7 7. e3 Bb4 8. Qc2 O-O 9. Bd3 h6 10. Bf4 Re8 11. O-O Nf8 12. a3 Be7 13. b4 Ng6 14. Be5 Bf8 15. Rfc1 a5 16. Qb2 Ng4 17. Bg3 h5 18. Ne5 N4xe5 19. Bxe5 axb4 20. axb4 Rxa1 21. Rxa1 Qe7 22. b5 Qd7 23. bxc6 bxc6 24. Qb6 Rxe5 25. dxe5 Qg4 26. Be2 Qf5 27. Qxc6 Qxe5 28. Qxd5 1-0

[Event "Winnipeg TNT June op"]
[Site "Winnipeg CAN"]
[Date "2009.06.16"]
[Round "3"]
[White "Menard, Trevor"]
[Black "Keer, Keer"]
[Result "0-1"]
[WhiteElo "1277"]
[BlackElo "1406"]
[PlyCount "46"]
[GameId "2160767910156544"]
[EventDate "2009.06.02"]
[EventType "swiss"]
[EventRounds "4"]
[EventCountry "CAN"]
[SourceTitle "EXT 2011"]
[Source "ChessBase"]
[SourceDate "2011.11.26"]
[SourceVersion "1"]
[SourceVersionDate "2011.11.26"]
[SourceQuality "1"]

1. e4 e5 2. Bc4 Qg5 3. Qf3 Nf6 4. Nh3 Qg6 5. d3 Nc6 6. Ng5 d5 7. exd5 Nd4 8. Qe3 Nxc2+ 9. Ke2 Nxe3 10. Bxe3 h6 11. Ne4 Nxe4 12. dxe4 Qxe4 13. Nd2 Qg6 14. Bb5+ Bd7 15. Bd3 f5 16. Rac1 Qxg2 17. Rcg1 Qxd5 18. Bc4 Qd6 19. Rd1 O-O-O 20. Nf3 Qb4 21. b3 f4 22. Bd2 Qe7 23. Bc3 Bg4 0-1

[Event "Winnipeg TNT June op"]
[Site "Winnipeg CAN"]
[Date "2009.06.16"]
[Round "3"]
[White "Milord, Frank"]
[Black "Ott, Richard"]
[Result "1-0"]
[WhiteElo "1591"]
[BlackElo "1477"]
[PlyCount "53"]
[GameId "2160767910156545"]
[EventDate "2009.06.02"]
[EventType "swiss"]
[EventRounds "4"]
[EventCountry "CAN"]
[SourceTitle "EXT 2011"]
[Source "ChessBase"]
[SourceDate "2011.11.26"]
[SourceVersion "1"]
[SourceVersionDate "2011.11.26"]
[SourceQuality "1"]

1. d4 d5 2. c4 e5 3. dxe5 d4 4. Nf3 Nc6 5. Nbd2 Bg4 6. h3 Bxf3 7. Nxf3 Nge7 8. e3 Nf5 9. Bd3 Bb4+ 10. Ke2 Nh4 11. Rg1 O-O 12. g3 Nxf3 13. Kxf3 f6 14. e6 Qd6 15. a3 Ne5+ 16. Ke2 Qxe6 17. axb4 Rad8 18. e4 Qxh3 19. Qf1 Qe6 20. b3 f5 21. Qg2 b5 22. Bf4 bxc4 23. bxc4 Nxd3 24. Kxd3 fxe4+ 25. Qxe4 Qb6 26. Rh1 g6 27. Qe7 1-0

[Event "Winnipeg TNT June op"]
[Site "Winnipeg CAN"]
[Date "2009.06.16"]
[Round "3"]
[White "Mundwiler, Les"]
[Black "Vincent, Trevor"]
[Result "0-1"]
[WhiteElo "2017"]
[BlackElo "2266"]
[PlyCount "34"]
[GameId "2160767910156546"]
[EventDate "2009.06.02"]
[EventType "swiss"]
[EventRounds "4"]
[EventCountry "CAN"]
[SourceTitle "EXT 2011"]
[Source "ChessBase"]
[SourceDate "2011.11.26"]
[SourceVersion "1"]
[SourceVersionDate "2011.11.26"]
[SourceQuality "1"]

1. d4 f5 2. e4 fxe4 3. Nc3 Nf6 4. g4 h6 5. Bg2 d5 6. f3 Nc6 7. Bf4 g5 8. Bg3 a6 9. h4 gxh4 10. Bxh4 Bg7 11. Qd2 Qd6 12. O-O-O Be6 13. Nge2 O-O-O 14. Bg3 Qb4 15. a3 Qa5 16. g5 hxg5 17. Rxh8 Rxh8 0-1